Sports Quiz

Random Sports or Tennis Quiz

French Open Men's Quarterfinalists 2000-2014 Quiz Stats

 Plays Quiz not verified by Sporcle

Score 0/120 Timer 06:00
0 Plays Today
Hint Answer % Correct
2001Roger Federer
99.5%
2005Rafael Nadal
99.5%
2005Roger Federer
99.5%
2005David Ferrer
99.5%
2006Rafael Nadal
99.5%
2006Roger Federer
99.5%
2006Novak Djokovic
99.5%
2007Rafael Nadal
99.5%
2007Roger Federer
99.5%
2007Novak Djokovic
99.5%
2008Rafael Nadal
99.5%
2008Roger Federer
99.5%
2008Novak Djokovic
99.5%
2008David Ferrer
99.5%
2009Roger Federer
99.5%
2010Rafael Nadal
99.5%
2010Roger Federer
99.5%
2010Novak Djokovic
99.5%
2011Rafael Nadal
99.5%
2011Roger Federer
99.5%
2011Novak Djokovic
99.5%
2012Rafael Nadal
99.5%
2012Novak Djokovic
99.5%
2012Roger Federer
99.5%
2012David Ferrer
99.5%
2013Rafael Nadal
99.5%
2013David Ferrer
99.5%
2013Novak Djokovic
99.5%
2013Roger Federer
99.5%
2014Rafael Nadal
99.5%
2014Novak Djokovic
99.5%
2014David Ferrer
99.5%
2009Andy Murray
99%
2011Andy Murray
99%
2012Andy Murray
99%
2014Andy Murray
99%
2012Jo-Wilfried Tsonga
97%
2013Jo-Wilfried Tsonga
97%
2000Gustavo Kuerten
96%
2001Gustavo Kuerten
96%
Hint Answer % Correct
2004Gustavo Kuerten
96%
2009Robin Soderling
95.5%
2010Robin Soderling
95.5%
2011Robin Soderling
95.5%
2008Gael Monfils
95%
2009Juan Martin del Potro
95%
2009Gael Monfils
95%
2010Tomas Berdych
95%
2011Gael Monfils
95%
2012Juan Martin del Potro
95%
2013Stanislas Wawrinka
95%
2014Gael Monfils
95%
2014Tomas Berdych
95%
2000Juan Carlos Ferrero
91.5%
2001Juan Carlos Ferrero
91.5%
2002Juan Carlos Ferrero
91.5%
2003Juan Carlos Ferrero
91.5%
2004David Nalbandian
91.5%
2006David Nalbandian
91.5%
2000Marat Safin
91%
2002Marat Safin
91%
2013Tommy Haas
90.5%
2014Milos Raonic
90.5%
2001Andre Agassi
89.9%
2002Andre Agassi
89.9%
2003Andre Agassi
89.9%
2003Fernando Gonzalez
89.4%
2008Fernando Gonzalez
89.4%
2009Fernando Gonzalez
89.4%
2005Nikolay Davydenko
88.9%
2006Nikolay Davydenko
88.9%
2007Nikolay Davydenko
88.9%
2008Ernests Gulbis
88.9%
2009Nikolay Davydenko
88.9%
2014Ernests Gulbis
88.9%
2000Yevgeny Kafelnikov
86.9%
2001Yevgeny Kafelnikov
86.9%
2001Lleyton Hewitt
86.9%
2004Lleyton Hewitt
86.9%
2004Gaston Gaudio
86.4%
Hint Answer % Correct
2004Tim Henman
86.4%
2003Guillermo Coria
85.4%
2004Guillermo Coria
85.4%
2003Carlos Moya
84.9%
2004Carlos Moya
84.9%
2007Carlos Moya
84.9%
2010Jurgen Melzer
83.4%
2010Mikhail Youzhny
81.9%
2011Fabio Fognini
81.9%
2003Tommy Robredo
81.4%
2005Tommy Robredo
81.4%
2007Tommy Robredo
81.4%
2009Tommy Robredo
81.4%
2013Tommy Robredo
81.4%
2006Ivan Ljubicic
79.9%
2000Albert Costa
78.9%
2002Albert Costa
78.9%
2003Albert Costa
78.9%
2000Magnus Norman
78.4%
2000Alex Corretja
77.4%
2001Alex Corretja
77.4%
2002Alex Corretja
77.4%
2008Nicolas Almagro
77.4%
2010Nicolas Almagro
77.4%
2012Nicolas Almagro
77.4%
2001Sebastien Grosjean
76.4%
2002Sebastien Grosjean
76.4%
2006Mario Ancic
73.4%
2005Mariano Puerta
68.8%
2003Martin Verkerk
64.8%
2002Guillermo Canas
59.8%
2005Guillermo Canas
59.8%
2007Guillermo Canas
59.8%
2004Juan Ignacio Chela
59.3%
2011Juan Ignacio Chela
59.3%
2005Victor Hanescu
53.8%
2002Andrei Pavel
46.7%
2006Julien Benneteau
42.7%
2000Franco Squillari
41.7%
2007Igor Andreev
41.7%

You're not logged in!

Compare scores with friends on all Sporcle quizzes.
OR
Log In

Sporcle TV

Today on Sporcle TV


Watch our educational content, quiz creation guides, and fun videos on Sporcle TV.

Show Comments

Extras

Top Quizzes Today


Score Distribution

Your Account Isn't Verified!

In order to create a playlist on Sporcle, you need to verify the email address you used during registration. Go to your Sporcle Settings to finish the process.

Report this User

Report this user for behavior that violates our Community Guidelines.

Details: